Bolivar y el pensamiento político de la revolución hispanoamericana (Registro nro. 11700)
[ vista simple ]
| 000 -Cabecera | |
|---|---|
| Campo de control interno | 00718nam a2200181Ia 4500 |
| 005 - Fecha y hora del registro | |
| control field | 20260306162847.0 |
| 008 - Elementos de Longitud Fija | |
| fixed length control field | 260306t1983||||xx |||||||||||||| ||spa|| |
| 041 ## - Idioma | |
| Codigo Idioma | ESP |
| 082 ## - DEWEY y NOTACIÓN INTERNA | |
| Dewey | 987.041 |
| Notación Interna | B38 |
| 100 ## - AUTOR | |
| Autor denominación | Belaúnde, Víctor Andrés |
| Término de relación | autor |
| 245 #0 - TÍTULO DE MATERIAL BIBLIOGRÁFICO | |
| Título | Bolivar y el pensamiento político de la revolución hispanoamericana |
| 260 ## - CIUDAD, EDITORIAL, AÑO | |
| Año | 1983 |
| 300 ## - DESCRIPCIÓN | |
| N° Páginas | Los antecedentes hispánicos - Influencias externas - La ideología reformista - El espíritu nacionalista de las insurrecciones del siglo XVIII - Las ideas de los precursores - La revolución de España y su repercusión en América - La insurrección de lo : |
| Dimensiones | cm. |
| 650 ## - TEMAS | |
| Temas | Generalidades |
| 654 ## - PROGRAMAS | |
| Programa | Dpto. de Humanidades |
| 942 ## - ELEMENTOS DE KOHA | |
| Tipo de documento | Libro |
| Nombre del creador | Justo Noguera |
| Código de catalogador | Justo Noguera |
| Esquema de clasificación | Dewey Decimal Classification |
| Suppress in OPAC | |
| Codigo completo | Registro | Colección | Copia número | Disponibilidad | Tipo de préstamo | Biblioteca Actual | Procedencia (Biblioteca) | Ubicacón | Fecha Ingreso | Tipo de Adquisición | Date last seen | Total checkouts | Price effective from | Tipo de Item | Estado del Material | Fuente de Clasificación | Damaged status | Withdrawn status |
|---|---|---|---|---|---|---|---|---|---|---|---|---|---|---|---|---|---|---|
| 987.041 B38 | U0018360 | Universidad Católica San Pablo | 1 | Disponible | Disponible | Víctor Andrés Belaunde | Víctor Andrés Belaunde | Planta baja abierta | 03/06/2026 | Compra | 06/03/2026 | 06/03/2026 | Libro | Bueno | Dewey Decimal Classification |




